| 000 | 00415 a2200133 4500 | ||
|---|---|---|---|
| 001 | 91622 | ||
| 082 | _aPR 1603 | ||
| 090 |
_c43777 _d43776 |
||
| 100 | _aMozzam Arif, Prof Sikander Hayat and Shakeel Alvi, Advisors | ||
| 245 |
_aTo Analyse the Output of shock and bump test machine by interfacing it with a computer _n52 "B" EC |
||
| 260 |
_aRawalpindi _bNUST _c2000 |
||
| 300 | _a50p | ||
| 500 | _aBE Project Reports | ||
| 942 |
_aCAE NUST _kPR 1603 |
||
| 999 |
_c326695 _d326695 |
||